Culture Générale - Série 300 - Statistiques

Statistiques générales
  • Ce quiz a été pris 430 fois
  • Le résultat moyen est 7 sur 10
Statistiques - réponses
Question Réponse % Correct
Quelle est la couleur de l'étoile figurant sur le drapeau marocain ? Verte
91%
A quel pays l'île de Bali appartient-elle ? L'Indonésie
86%
Dans quel océan le fleuve Zambèze se jette-t-il ? L'océan Indien
84%
De quel pays l'ayatollah Khomeyni fut-il le guide suprême de 79 à 89 ? L'Iran
81%
Quel héros de BD a été confronté à la momie de Rascar Capac ? Tintin
78%
Quelle est, en France, la durée du mandat d'un conseiller municipal ? 6 ans
75%
Quelle est la profession du père du Petit Poucet ? Bûcheron
69%
En 1967, quelle comédienne est "Belle de jour" dans le film de Luis Buñuel ? Catherine Deneuve
51%
Qui était l'animateur du jeu "L'or à l'appel" dans les années 1990 ? Vincent Lagaf
32%
Qui incarne le tueur à gages, héros du film "Collateral" en 2004 ? Tom Cruise
25%
Aucun quiz correspondant
Distribution des résultats
% des personnes avec chaque résultat
Percentile par nombre de réponses
Votre historique - résultats
Vous n’avez pas pris ce quiz